000
00185 a2200097 4500
020
_a
9788421677896
041
_a
spa
100
_a
Anonimo
245
_a
Los Libros de Snoopy
942
_c
BK
999
_c
15882
_d
15882